Les meilleurs attaquants droits de football du monde - Statistiques

Statistiques générales
  • Ce quiz a été pris 130 fois
  • Le résultat moyen est 11 sur 25
Statistiques - réponses
Rang Championnat Nationalité Joueur % Correct
1 Premier League Égypte Mohamed Salah
99%
4 Major Soccer League Argentine Lionel Messi
86%
3 Liga Espagne Lamine Yamal
84%
8 Ligue 1 France Ousmane Dembélé
77%
5 Liga Brésil Rodrygo
75%
6 Bundesliga France Michael Olise
72%
2 Premier League Angleterre Bukayo Saka
71%
7 Liga Brésil Raphinha
59%
24 Saudi Pro League Algérie Riyad Mahrez
56%
14 Serie A États-Unis Christian Pulisic
54%
9 Bundesliga Allemagne Leroy Sane
46%
17 Liga Japon Takefusa Kubo
46%
25 Saudi Pro League France Moussa Diaby
45%
15 Premier League Italie Federico Chiesa
37%
20 Ligue 1 Kosovo Edon Zhegrova
36%
18 Premier League Jamaïque Leon Bailey
31%
16 Liga Portugal Argentine Angel Di Maria
30%
12 Eredivisie Belgique Johan Bakayoko
25%
23 Premier League Portugal Pedro Neto
25%
13 Premier League Cameron Bryan Mbeumo
22%
22 Premier League Pays de Galles Brennan Johnson
17%
21 Premier League Angleterre Noni Madueke
15%
11 Premier League Angleterre Jadon Sancho
11%
19 Serie A Italie Matteo Politano
11%
10 Premier League Angleterre Jarrod Bowen
5%
Aucun quiz correspondant
Distribution des résultats
% des personnes avec chaque résultat
Percentile par nombre de réponses
Votre historique - résultats
Vous n’avez pas pris ce quiz